Catálogo
 En Linea

100 años de poesía : (Registro nro. 9694)

Detalles MARC
000 -CABECERA
campo de control de longitud fija 01533nam a2200325 i 4500
001 - NÚMERO DE CONTROL
campo de control 000009935
003 - IDENTIFICADOR DEL NÚMERO DE CONTROL
campo de control DO-SdBNP
005 - FECHA Y HORA DE LA ÚLTIMA TRANSACCIÓN
campo de control 20250321110624.0
007 - CAMPO FIJO DE DESCRIPCIÓN FÍSICA--INFORMACIÓN GENERAL
campo de control de longitud fija ta
008 - DATOS DE LONGITUD FIJA--INFORMACIÓN GENERAL
campo de control de longitud fija 091002s1999 dr 000 0 spa d
040 ## - FUENTE DE LA CATALOGACIÓN
Centro catalogador/agencia de origen DO-SdBNP
Lengua de catalogación spa
Centro/agencia transcriptor BNPHU
Normas de descripción rda
041 ## - CÓDIGO DE LENGUA
Código de lengua original spa
082 ## - NÚMERO DE LA CLASIFICACIÓN DECIMAL DEWEY
Número de clasificación xxxx
Número de documento/Ítem C569a
Número de edición 22
245 00 - MENCIÓN DE TÍTULO
Título 100 años de poesía :
Resto del título Homenaje a Salomé Ureña.
246 3# - FORMA VARIANTE DE TÍTULO
Título propio/Titulo breve Cien años de poesía
264 ## - PRODUCCIÓN, PUBLICACIÓN, DISTRIBUCIÓN, FABRICACIÓN Y COPYRIGHT
Producción, publicación, distribución, fabricación y copyright Santo Domingo :
Nombre del de productor, editor, distribuidor, fabricante UASD,
Fecha de producción, publicación, distribución, fabricación o copyright 1999.
300 ## - DESCRIPCIÓN FÍSICA
Extensión 159 páginas ;
Dimensiones 21 cm.
336 ## - TIPO DE CONTENIDO
Término de tipo de contenido rdacontent
Código de tipo de contenido texto
Fuente txt
337 ## - TIPO DE MEDIO
Nombre/término del tipo de medio rdamedia
Código del tipo de medio sin mediación
Fuente n
338 ## - TIPO DE SOPORTE
Nombre/término del tipo de soporte rdacarrier
Código del tipo de soporte volumen
Fuente nc
490 1# - MENCIÓN DE SERIE
Mención de serie Publicaciones de la Universidad Autónoma de Santo Domingo
Designación de volumen o secuencia 923
490 1# - MENCIÓN DE SERIE
Mención de serie Literatura y Sociedad
Designación de volumen o secuencia 29
504 ## - NOTA DE BIBLIOGRAFÍA, ETC.
Nota de bibliografía, etc. Incluye referencias bibliográficas y notas al pie de las páginas
505 2# - NOTA DE CONTENIDO CON FORMATO
Nota de contenido con formato Presentación -- Palabras del señor rector -- conferencia de Pedro Mir -- Salomé Ureña, Carmen Durán -- La poesía dominicana y el postumismo / Manuel Mora Serrano -- La generación del 48 en la poesía dominicana / Lupo Hernández Rueda -- 100 años de la poesía dominicana / Tony Raful -- Alatagracia Saviñon / Ylonka Nacidit-Perdomo -- La cultura del libro ante el Siglo XXL / Julio Cuevas -- Ciudad de los escribas / Odalís G. Pérez -- Síntesis del seminario -- Propuestas.
590 ## - NOTA LOCAL (RLIN)
Nota local Inventariado, 2025/DG
830 #0 - PUNTO DE ACCESO ADICIONAL DE SERIE-TÍTULO UNIFORME
Título uniforme Publicaciones de la Universidad Autónoma de Santo Domingo
Número de parte o sección de la obra no. 923
9 (RLIN) 24866
830 #0 - PUNTO DE ACCESO ADICIONAL DE SERIE-TÍTULO UNIFORME
Título uniforme Liteatura y Sociedad
Número de parte o sección de la obra n. 28
9 (RLIN) 24867
910 ## - DATOS DE OPCIÓN DEL USUARIO (OCLC)
Datos de opción del usuario DG
942 ## - ELEMENTOS DE PUNTO DE ACCESO ADICIONAL (KOHA)
Fuente del sistema de clasificación o colocación Dewey Decimal Classification
Tipo de ítem Koha Libro
Existencias
Estado de retiro Estado de pérdida Fuente del sistema de clasificación o colocación Restricciones de uso No para préstamo Código de colección Localización permanente Ubicación/localización actual Ubicación en estantería Fecha de adquisición Total de préstamos Signatura topográfica completa Código de barras Fecha visto por última vez Número de copia Precio válido a partir de Tipo de ítem Koha Número de inventario Fuente de adquisición
    Dewey Decimal Classification Préstamo en sala   Dominicana de Servicio Biblioteca Nacional Pedro Henríquez Ureña Biblioteca Nacional Pedro Henríquez Ureña En catalogación 02.10.2009   BNPHU DS C569a 9935-30 25.06.2020 e. 3 25.06.2020 Libro    
    Dewey Decimal Classification Préstamo en sala   Dominicana de Servicio Biblioteca Nacional Pedro Henríquez Ureña Biblioteca Nacional Pedro Henríquez Ureña En catalogación 21.03.2025   BNPHU DS C569a 2025-2241 21.03.2025 e.5 21.03.2025 Libro   donación
          Patrimonio Dominicano General General Orden iniciada 28.09.2010   xxxx C569a 9935-40 25.06.2020   25.06.2020 Libro y Folleto Colección Patrimonio Dominicano LF1  
        Excluido de préstamo Patrimonio Dominicano Patrimonio Dominicano Patrimonio Dominicano En catalogación 02.10.2009   xxxx C569a 9935-10 25.06.2020   25.06.2020 Libro y Folleto Colección Patrimonio Dominicano LF1  
        Excluido de préstamo Patrimonio Dominicano Patrimonio Dominicano Patrimonio Dominicano En catalogación 02.10.2009   xxxx C569a 9935-20 25.06.2020 e. 2 25.06.2020 Libro y Folleto Colección Patrimonio Dominicano LF1  

Con tecnología Koha